Statistics for Fallout 4 all settlements

Click here to take the quiz!

General Stats

  • This quiz has been taken 38 times
  • The average score is 11 of 37

Answer Stats

Settlement% Correct
Sanctuary hills
79%
Abernathy farm
66%
The castle
62%
Hangman's alley
55%
Red rocket truck stop
52%
Boston airport
45%
Starlight drive in
45%
Tenpines bluff
41%
The slog
41%
Vault 88
41%
Covenant
38%
Graygarden
38%
Jamaica plain
34%
Home plate
31%
Bunker hill
28%
Croup manor
28%
Finch farm
28%
County crossing
24%
Oberland station
24%
Outpost zimonja
24%
Egret tours marina
21%
Mechanist's lair
21%
Spectacle island
21%
Sunshine tidings co-op
21%
Taffington boathouse
21%
Nordhagen beach
17%
Nuka-world red rocket
17%
Coastal cottage
14%
Dalton farm
14%
Greentop nursery
14%
Somerville place
14%
Warwick homestead
14%
Echo lake lumber
10%
Kingsport lighthouse
10%
Longfellow cabin
7%
Murkwater
construction site
7%
National park
visitor's centre
0%

Score Distribution

Percentile by Number Answered

Percent of People with Each Score

Your Score History

You have not taken this quiz